000 00826cab a2200253 4500
001 ABS59372
008 090401t1998 xxu||||| |||| 00| 0 eng d
035 _a(Sirsi) u88579
041 _aeng
245 _aDETR consults on water abstraction licencing system
260 _c1998
350 _a0
490 _aEnvironment Information Bulletin
_v(82) September 1998, 3(1)
520 _aDETR has published proposals for a complete overhaul of the 35 year-old water abstraction licencing system in England and Wales and seeks views on the use of economic instruments to improve the control of water abstraction.
650 _aCHARGES
650 _aCONSULTATION
650 _aDETR
650 _aLICENCES
650 _aREFORM
650 _aWATER ABSTRACTION
690 _aWATER
942 _n0
948 _c22/09/1998
999 _c55988
_d55988